000 00788nam a2200277 4500
001 1972
010 _a9789897028779
021 _aPT
_b505618/22
090 _a1972
100 _a20251118d2022 m||y0pory50030103ba
101 _apor
102 _aPT
200 _aOs últimos dias de Hitler
_fHugh Trevor-Roper
_gtrad. Nuno Carvalho
205 _a1ª edição
210 _aLisboa
_cGuerra & Paz
_d2022
215 _a325, [3] p.
_d24 cm
225 _aOs livros que não se rendem
300 _aBMB-Registado
304 _aTít. orig.: The last days of Hitler
606 _92832
_aHistória da Alemanha
606 _92833
_aHitler
675 _a94(430)
_vBMB
_zpor
700 _aTrevor-Roper
_bH. R.
_f1914-2003
_92834
702 _92088
_aCarvalho
_bNuno
_4730
801 _aPT
_bBMB
_gRPC
990 _cLIVROS